Strategic management of technological innovation / (Record no. 3480)
[ view plain ]
| 000 -LEADER | |
|---|---|
| fixed length control field | 01345cam a22002054a 4500 |
| 020 ## - INTERNATIONAL STANDARD BOOK NUMBER | |
| ISBN | 0073210587 (alk. paper) |
| 020 ## - INTERNATIONAL STANDARD BOOK NUMBER | |
| ISBN | 9780073210582(alk. paper) |
| 050 00 - CALL NUMBER | |
| Classification number | HD45 |
| Item number | .S3353 |
| 100 1# - AUTHOR | |
| Personal name | Schilling, Melissa A. |
| 245 10 - TITLE | |
| Title | Strategic management of technological innovation / |
| Statement of responsibility, etc | Melissa A. Schilling. |
| 250 ## - EDITION | |
| Edition statement | 2nd ed. |
| 260 ## - PUBLICATION INFORMATION | |
| Place of publication | Boston : |
| Name of publisher | McGraw-Hill/Irwin, |
| Year of publication | c2008. |
| 300 ## - DESCRIPTION | |
| Number of Pages | xv, 313 p. : |
| Other physical details | ill. ; |
| Dimensions | 23 cm. |
| 500 ## - NOTES | |
| General note | Includes index |
| 505 ## - FORMATTED CONTENTS NOTE | |
| Table of Content | 1. Introduction <br/><br/>Part One: Industry Dynamics of Technological Innovation <br/>Chapter 2. Sources of Innovation <br/>Chapter 3. Types and Patterns of Innovation <br/>Chapter 4. Standards Battles and Design Dominance <br/>Chapter 5. Timing of Entry <br/><br/>Part Two: Formulating Technological Innovation Strategy <br/>Chapter 6. Defining the Organization's Strategic Direction <br/>Chapter 7. Choosing Innovation Projects <br/>Chapter 8. Collaboration Strategies <br/>Chapter 9. Protecting Innovation<br/><br/>Part Three: Implementing Technological Innovation Strategy <br/>Chapter 10. Organizing for Innovation <br/>Chapter 11. Managing the New Product Development Process Chapter 12. Managing New Product Development Teams <br/>Chapter 13. Crafting a Deployment Strategy |
| 650 #0 - SUBJECTS | |
| Topical Term | Technological innovations |
| General subdivision | Management. |
| 650 #0 - SUBJECTS | |
| Topical Term | New products |
| General subdivision | Management. |
| 650 #0 - SUBJECTS | |
| Topical Term | Strategic planning. |
| 942 ## - ADDED ENTRY ELEMENTS (KOHA) | |
| Koha item type | Books |
| Withdrawn status | Lost status | Collection code | Home library | Current library | Shelving location | Date acquired | Full call number | Accession Number | Koha item type |
|---|---|---|---|---|---|---|---|---|---|
| Reference | Methodist University Library Main | Methodist University Library Main | General Stacks | 02/10/2010 | HD45 .S3353 | 30597 | Books |